000 00801nam a2200253Ia 4500
003 OSt
005 20220930091051.0
006 a|||||r|||| 00| 0
007 ta
008 220926b |||||||| |||| 00| 0 eng d
024 _a3445
037 _cTheses
040 _aCRL
_cCRL
_beng
041 _2eng
_aeng
100 _aJain Neha
_9541986
110 _aUniversity of Delhi. Faculty of Medical Science. Department of Paediatrics
_9520662
245 0 _aEffect of blood glucose level in hypoxic ischemic encephalopathy in term neonathes
260 _c2011
650 _aMEDICINE
700 _a Ajay Kumar Gu.
_9544213
700 _aUniversity of Delhi. Faculty of Medical Science. Department of Paediatrics
_9520664
942 _cDIS
_2CC
999 _c881586
_d881586